Detalles MARC
| 000 -LIDER |
| fixed length control field |
01116nam a2200289 a 4500 |
| 001 - NÚMERO DE CONTROL |
| Identificador de número de control |
000002478 |
| 003 - IDENTIFICACDOR DE NÚMERO DE CONTROL |
| control field |
DO-SdBNP |
| 005 - DATE AND TIME OF LATEST TRANSACTION |
| control field |
20180216140055.0 |
| 007 - CAMPOS FIJOS DE DESCRIPCIÓN FÍSICA |
| fixed length control field |
000002478 |
| 008 - ELEMENTOS DE LONGITUD FIJA |
| fixed length control field |
090702s2002 dr r 000 0 spa d |
| 040 ## - FUENTE DE CATALOGACIÓN |
| Agencia que crea de manera original el registro |
BPMSU |
| Idioma de catalogación |
spa |
| Agencia que realiza la transcripción |
BPMSU |
| 082 #4 - NÚMERO DE CLASIFICACIÓN DECIMAL DE DEWEY |
| Edition number |
Inventariado / 2017 VM |
| Classification number |
972.9382 |
| Item number |
R531h |
| 100 1# - ASIENTO PRINCIPAL -- NOMBRE PERSONAL |
| Nombre personal |
Richiez, Manuel Leopoldo, |
| Fechas asociadas con el nombre |
1870-1954 |
| 245 10 - MENCIÓN DE TITULO |
| Título |
Historia de la Provincia y especialmente de la cuidad de San Pedro de Macorís / |
| Mención de responsabilidad |
Manuel Leopoldo Richiez ; presentación Fermín Álvarez Santana. |
| 260 ## - PUBLICACIÓN, DISTRIBUCIÓN, ETC. (PIE DE IMPRENTA) |
| Lugar de publicación, distribución, etc |
Santo Domingo : |
| Nombre del editor, distribuidor, etc. |
Sociedad Dominicana de Bibliófilos, |
| Fecha de publicación, distribución, etc |
2002. |
| 300 ## - DESCRIPCIÓN FÍSICA |
| Extensión |
174 p. ; |
| Dimensiones |
23 cm. |
| 490 1# - MENCIÓN DE SERIES |
| Mención de serie |
Bibliófilos 2000 |
| 650 #4 - ENCABEZAMIENTO DE MATERIA--TEMÁTICO |
| Término temático o nombre geográfico como elemento de entrada |
CIUDADES Y PUEBLOS |
| Subdivisión geográfica |
REPÚBLICA DOMINICANA |
| 651 #4 - ENCABEZAMIENTO DE MATERIA--NOMBRE GEOGRÁFICO |
| Nombre geográfico |
SAN PEDRO DE MACORÍS (REPÚBLICA DOMINICANA) |
| Subdivisión temática general |
HISTORIA LOCAL |
| 651 #4 - ENCABEZAMIENTO DE MATERIA--NOMBRE GEOGRÁFICO |
| Nombre geográfico |
SAN PEDRO DE MACORÍS (REPÚBLICA DOMINICANA) |
| Subdivisión temática general |
VIDA SOCIAL Y COSTUMBRES |
| 700 1# - ASIENTO SECUNDARIO -- NOMBRE PERSONAL |
| Nombre personal |
Álvarez Santana, Fermín |
| 830 #0 - ASIENTO SECUNDARIO DE SERIE--TÍTULO UNIFORME |
| Título uniforme |
Bibliófilos 2000 |
| 910 ## - VALIDACIÓN |
| Validación |
Validado. Control de calidad BNPHU |
| 942 ## - ADDED ENTRY ELEMENTS (KOHA) |
| Source of classification or shelving scheme |
Dewey Decimal Classification |
| Koha item type |
Libros |
| 945 ## - INFORMACIÓN DE PROCESAMIENTO LOCAL |
| Información de procesamiento local |
Inventariado / 2017 VM |
| 956 ## - LOCAL ELECTRONIC LOCATION AND ACCESS (OCLC) |
| Nombre de host |
VMATEO |
| Número de acceso |
10 |
| Información de compresión |
20150803 |
| Inicio de sesión |
BPMSU |
| Procesador de solicitud |
00151 |